Principles of chemical engineering
Uloženo v:
| Hlavní autoři: | , , |
|---|---|
| Další autoři: | |
| Médium: | Kniha |
| Jazyk: | angličtina |
| Vydáno: |
Nueva York
McGraw-Hill
1937
|
| Vydání: | 3a. ed |
| Edice: | Chemical Engineering Series
|
| Témata: | |
| Tagy: |
Přidat tag
Žádné tagy, Buďte první, kdo vytvoří štítek k tomuto záznamu!
|
MARC
| LEADER | 00000nam a2200000 a 4500 | ||
|---|---|---|---|
| 001 | UCU7142 | ||
| 003 | CL-VaPUC | ||
| 008 | 960628e19370000US |||||||||||||||||eng|d | ||
| 082 | 0 | 4 | |a 660 |b WAL |2 21 |
| 100 | 0 | |a Walker, William H |e author |9 365698 | |
| 700 | 0 | |a Lewis, Warren K |e author |9 365699 | |
| 700 | |a McAdams, William H. |e autor |9 426560 | ||
| 700 | 0 | |a Gilliland, Edwin R |e author |9 365701 | |
| 245 | 1 | 0 | |a Principles of chemical engineering |
| 250 | |a 3a. ed | ||
| 300 | |a 749 p | ||
| 942 | |c BK | ||
| 945 | |d 19960628 00:00:00 |a lriquelm | ||
| 260 | |a Nueva York |b McGraw-Hill |c 1937 | ||
| 650 | 0 | |a Tecnología química |9 263002 | |
| 650 | 0 | |a Mecánica de fluidos |9 259464 | |
| 650 | 0 | |a Calor específico |9 259409 | |
| 650 | 0 | |a Combustibles |9 271720 | |
| 650 | 0 | |a Gases |9 260945 | |
| 650 | 0 | |a Estados de la Materia |9 347141 | |
| 650 | 7 | |a SEPARACION QUIMICA |2 CL-VaPUC |9 342424 | |
| 650 | 0 | |a Destilación |9 263952 | |
| 650 | 7 | |a EVAPORACION |2 CL-VaPUC |9 264095 | |
| 583 | |a last modification |c 19960628 00:00:00 |k Rodrigo Vera | ||
| 490 | 0 | |a Chemical Engineering Series | |
| 999 | |c 249832 |d 249830 | ||
| 952 | |0 0 |1 0 |4 0 |6 660_000000000000000_WAL_1937 |7 0 |8 A |9 267374 |a BIBING |b BIBING |d 2019-11-19 |i 1695649 |o 660 WAL 1937 |p 1695649 |r 2025-01-20 |w 2019-11-19 |y BK |k EIQ | ||